Loading...
| Fine Arts - Other Fine Arts | 3 | 5 | 0 | 1 | 95 | 21 | 83.88 | 4 | 7 |
| Philosophy | 2 | 3 | 0 | 1 | 60 | 43 | 73.00 | 0 | 4 |
| Literature - European Literature | 1 | 2 | 0 | 0 | 35 | 44 | 91.33 | 1 | 2 |
| Literature - American Literature | 1 | 2 | 0 | 1 | 35 | 46 | 88.00 | 1 | 3 |
| Religion | 1 | 2 | 1 | 0 | 30 | 59 | 88.67 | 0 | 3 |
| Mythology | 0 | 3 | 0 | 0 | 30 | 95 | 103.00 | 0 | 1 |
| Literature - World Literature | 0 | 3 | 0 | 1 | 30 | 105 | 129.33 | 0 | 1 |
| Fine Arts - Auditory Fine Arts | 0 | 4 | 2 | 2 | 30 | 81 | 101.00 | 2 | 3 |
| Social Science | 0 | 2 | 0 | 2 | 20 | 100 | 100.50 | 1 | 2 |
| Fine Arts - Visual Fine Arts | 0 | 3 | 2 | 0 | 20 | 91 | 103.33 | 1 | 3 |
| Literature - British Literature | 0 | 2 | 0 | 0 | 20 | 88 | 104.50 | 0 | 1 |
| History - World History | 0 | 1 | 0 | 1 | 10 | 144 | 144.00 | 0 | 1 |
| History - European History | 0 | 1 | 0 | 0 | 10 | 84 | 84.00 | 0 | 1 |
| History - Other History | 0 | 0 | 0 | 0 | 0 | 0.00 | 0 | 0 |